| 000 | 00988nam a2200289 c 4500 | ||
|---|---|---|---|
| 001 | 1858 | ||
| 003 | ES-MaCES | ||
| 005 | 20150929135433.0 | ||
| 008 | 940718s1993 sp ||| | spa d | ||
| 035 | _aCES19980018683m | ||
| 040 |
_aES-MaCES _bspa _cES-MaCES |
||
| 245 | 0 | 0 |
_aAcuerdo para el desarrollo industrial y el empleo en Navarra _c[Gobierno de Navarra, UGT, CC.OO., CEN] |
| 260 |
_a[Pamplona? _bs.n. _c1993?] |
||
| 300 |
_a31 p. _c21 cm |
||
| 541 | _cGratuito | ||
| 650 | 4 |
_adesarrollo industrial _927623 |
|
| 653 | 1 | 0 | _aDesarrollo regional |
| 650 | 4 |
_929234 _adesarrollo económico y social |
|
| 650 | 4 |
_929242 _acreación de empleos |
|
| 710 | 1 |
_aNavarra (Comunidad Autónoma) _bGobierno _94622 |
|
| 710 | 2 |
_aUnión General de Trabajadores de Navarra _95170 |
|
| 710 | 2 |
_aComisiones Obreras de Navarra _92116 |
|
| 710 | 2 |
_aConfederación de Empresarios de Navarra _92238 |
|
| 902 | _aLIB Libro | ||
| 942 |
_2CES _cBK _h1.1. |
||
| 999 |
_c1858 _d1858 |
||